| 000 | 01408cam a2200337 a 4500 | ||
|---|---|---|---|
| 001 | EDZ0000077515 | ||
| 003 | StDuBDS | ||
| 005 | 20161031105200.0 | ||
| 006 | m||||||||d|||||||| | ||
| 007 | cr ||||||||||| | ||
| 008 | 120418s2008 caua fo| 001|0|eng d | ||
| 020 |
_a9781446214701 (ebook) : _cNo price |
||
| 040 |
_aStDuBDS _beng _cStDuBDS _epn |
||
| 049 | _aAlfaisal Main Library | ||
| 050 | 0 |
_aLB1032 _b.B57 2008 |
|
| 082 | 0 | 4 |
_a371.395 _223 |
| 100 | 1 |
_aBishop, Simon, _d1961- |
|
| 245 | 1 | 0 |
_aRunning a nurture group _h[electronic resource] / _cSimon Bishop. |
| 260 |
_aLos Angeles, [Calif.] ; _aLondon : _bSAGE, _cc2008. |
||
| 300 |
_a1 online resource (xii, 122 p.) : _bill. |
||
| 504 | _aIncludes bibliographical references and index. | ||
| 520 | 8 | _aSetting up and running a Nurture Group in your school is an effective way to improve the quality of educational provision for every child, not just for those with special educational needs. This practical book is especially useful for those new to the idea of Nurture Groups. | |
| 521 | _aSpecialized. | ||
| 588 | _aDescription based on print version record. | ||
| 650 | 0 | _aGroup work in education. | |
| 655 | 7 |
_aElectronic books. _2local |
|
| 710 | 2 | _aSage eBooks | |
| 776 | 0 | 8 |
_iPrint version : _z9781412935272 |
| 856 | 4 | 0 | _uhttp://ezproxy.alfaisal.edu/login?url=http://sk.sagepub.com/books/running-a-nurture-group |
| 942 |
_2lcc _cEBOOKS |
||
| 999 |
_c481139 _d481139 |
||